Score 0/21 Timer 06:00
0 Plays Today
% Correct
Happy Gilmore
(1996)
94.6%
Hidalgo
(2004)
92%
The Hunt for
Red October
(1990)
91.3%
Harold & Kumar
Go to
White Castle
(2004)
90.1%
Heat
(1995)
89.6%
Hamlet
(1996)
88.9%
The Hurt Locker
(2008)
88.7%
Hollow Man
(2000)
88.5%
The House Bunny
(2008)
86.5%
The Hitchhiker's
Guide
to the Galaxy
(2005)
85.9%
How to Lose a Guy
in 10 Days
(2003)
84.4%
% Correct
The Hobbit:
An Unexpected
Journey
(2012)
83.9%
Hostel
(2005)
83.6%
Hellboy
(2004)
83.3%
Hello, Dolly!
(1969)
80.2%
Half Baked
(1998)
79.8%
The Heartbreak Kid
(2007)
77.9%
Harry Potter
and the Prisoner
of Azkaban
(2004)
75.9%
Hot Tub
Time Machine
(2010)
75.5%
Hotel Rwanda
(2004)
74.2%
Highlander
(1986)
74.2%
Remove Ads.
Support Sporcle.
Get the best of Sporcle when you Go Orange. This ad-free experience offers more features, more stats, and more fun while also helping to support Sporcle. Thank you for becoming a member.

You're not logged in!

Compare scores with friends on all Sporcle quizzes.
OR
Log In

Show Comments

Extras

Top Quizzes Today


Score Distribution

Your Account Isn't Verified!

In order to create a playlist on Sporcle, you need to verify the email address you used during registration. Go to your Sporcle Settings to finish the process.

Report this User

Report this user for behavior that violates our Community Guidelines.

Details: